| 000 | 00391nam a22001337a 4500 | ||
|---|---|---|---|
| 999 |
_c521658 _d521658 |
||
| 008 | 230221b ||||| |||| 00| 0 eng d | ||
| 100 |
_aRao, Nagendra _937378 |
||
| 245 | _aState and the subordinate peasants in Karnataka (Ad 1300 to 1565) | ||
| 260 | _aSocial Scientist | ||
| 300 | _a50(3-4), Mar-Apr, 2022: p.33-52 | ||
| 773 | _aSocial Scientist | ||
| 906 | _aPEASANTS | ||
| 942 | _cAR | ||